| 000 | 02950 a2200373 4500 | ||
|---|---|---|---|
| 001 | 23354012 | ||
| 003 | 0000 | ||
| 005 | 20251119122808.0 | ||
| 008 | 231017s2023 flu b 001 0 eng | ||
| 010 | _a 2023026739 | ||
| 020 | _a9781032482422 | ||
| 035 | _a23354012 | ||
| 040 |
_aDLC _beng _erda _cDLC _dDLC |
||
| 042 | _apcc | ||
| 050 | 0 | 0 | _aTK 2945 .S63 .R66 |
| 082 | 0 | 0 |
_a621.31/2424 _223/eng/20231019 |
| 100 | _aKumar, Vipin (editor) | ||
| 245 | 0 | 0 |
_aRoom-temperature sodium-sulfur batteries : _banode, cathode, and electrolyte design / _cedited by Vipin Kumar. |
| 263 | _a2312 | ||
| 264 | 1 |
_aBoca Raton : _bCRC Press, _c2024. |
|
| 300 | _axv, 159p. ill. | ||
| 336 |
_atext _btxt _2rdacontent |
||
| 337 |
_aunmediated _bn _2rdamedia |
||
| 338 |
_avolume _bnc _2rdacarrier |
||
| 504 | _aIncludes bibliographical references and index. | ||
| 505 | 0 | _aIntroduction: Sodium sulfur battery technology -- Sodium metal anode : past, present, and future of sodium metal anode -- Sulfur cathode : progress in the development of sulfur cathode -- Electrolytes for room-temperature sodium-sulfur batteries : a holistic approach to understand solvation -- Analytical techniques to probe room-temperature sodium-sulfur batteries -- Sodium sulfur batteries : similarities and differences with lithium-sulfur battery -- Other sodium metal based rechargeable battery technologies : a brief introduction to sodium dual ion batteries -- Conclusion and prospects. | |
| 520 |
_a"This book provides an effective review and critical analysis of the recently demonstrated room-temperature sodium-sulfur batteries. Divided into three sections, it highlights the status of the technologies and strategies developed for the sodium metal anode, insight into the development of sulfur cathode, and electrolyte engineering. It reviews past, present, and future perspectives for each cell component including characterization tools unveiling the fundamental understanding of the room-temperature sodium-sulfur batteries. Features: Highlights scientific challenges in developing room-temperature sodium-sulfur batteries Covers pertinent anode, cathode, and electrolyte engineering Provides scientific and technical interpretation for each of the cell components Discusses how Na-S batteries relates to the more extensively researched Li-S batteries Explores importance of the SEI and CEI in developing stable sodium-sulfur batteries This book is aimed at graduate students and researchers in energy science, materials science, and electrochemistry"-- _cProvided by publisher. |
||
| 650 | 0 | _aSodium-sulfur batteries. | |
| 700 | 1 |
_aKumar, Vipin _c(Professor of energy science and engineering), _eeditor. |
|
| 776 | 0 | 8 |
_iOnline version: _tRoom-temperature sodium-sulfur batteries _dBoca Raton : CRC Press, 2024 _z9781003388067 _w(DLC) 2023026740 |
| 906 |
_a7 _bcbc _corignew _d1 _eecip _f20 _gy-gencatlg |
||
| 942 |
_2lcc _cBK |
||
| 999 |
_c44001 _d44001 |
||